000 00494nam a22001817a 4500
003 DO-SdBNP
005 20220818104338.0
007 ta
008 210719b 2017 dr a 00| 0 eng d
020 _a9789945167931
040 _aDO-SdBNP
_bspa
_cBNPHU
100 1 _aPérez, Faustino
_91945
245 1 0 _aReplicantes ad hoc /
_cFaustino Pérez.
260 _aSanto Domingo :
_bBúho,
_c2017.
300 _a161 p. :
_bil., retrs. ;
_c22 cm.
590 _aInventariado, 2021 /LP
942 _2ddc
_cLBS1
999 _c50140
_d50140